000 00686nam a2200193 a 4500
001 8073
003 CO-ViMGA
008 141112s2004 ck r 000 u spa d
020 _a8428316295
040 _aCO-ViMGA
_bspa
_cCO-ViMGA
082 0 4 _a621.3 S456e
100 1 _aSimon, Andre
_97732
245 1 0 _aElectricidad industrial aplicada
260 _aMadrĂ­d (E),
_cParaninfo,
_c1996
300 _a264.p.
505 _aPreliminares tecnicos Aparatos de mando manual y semiautomatico Receptores de electroiman de corriente continua Mando de motores de corriente continua Diagrama funcional : Grafcet Automatas programables
650 1 4 _aELECTRICIDAD INDUSTRIAL
_97733
942 _2ddc
_cBK
999 _c19893
_d19893